000 00491nam a2200121 a 4500
008 120416s2003 ||||||||||||||||| || u
050 _aUN-ESCWA(02)
245 0 2 _aA guide to efficient energy management in the tourism sector
260 _aNew York
_bUnited Nations Economic and Social Commi
_c2003
300 _a72p. : ill.
350 _a0.00
995 _D0.00
_FCBU-MAIN LIBRARY (Kitwe)
_H1
_I0.00
_UAVAILABLE
_ZInternational Publications
999 _c45090
_d45090